| 000 | 00700nam a2200217 i 4500 | ||
|---|---|---|---|
| 001 | 107980 | ||
| 003 | ES-MaACL | ||
| 005 | 20250829080508.0 | ||
| 007 | t| | ||
| 008 | 070105s1970 sp ||||1| spa d | ||
| 080 | _a86.0(72)-31"19" | ||
| 100 | 1 |
_aYáñez, Agustín. _9117566 |
|
| 245 | 1 | 4 |
_aLas tierras flacas / _cAgustín Yáñez; prólogo de Manuel Andújar. |
| 260 |
_aMadrid : _bSalvat, _c1970. |
||
| 300 |
_a230 p. ; _c19 cm. |
||
| 490 | 1 |
_aBiblioteca básica Salvat de Libros RTV ; _v74 |
|
| 700 | 1 |
_aAndújar, Manuel, _d1913-1994 _9158299 |
|
| 830 | 0 | 0 |
_aBiblioteca básica Salvat de libros RTV _v74 _9185398 |
| 852 |
_aES-MaACL _jE-2995 _bR.69765 |
||
| 999 |
_c107980 _d107980 |
||